Name World Capitals #2 - Statistics

General Stats
  • This quiz has been taken 23 times
    15 since last reset
  • The average score is 20 of 26
Answer Stats
Hint Answer % Correct
Capital of Ireland Dublin
100%
Capital of Ukraine Kyiv
100%
Capital of Belarus Minsk
100%
Capital of Poland Warsaw
100%
Capital of the U.A.E Abu Dhabi
92%
Capital of Turkey Ankara
92%
Capital of Latvia Riga
92%
Capital of Iran Tehran
92%
Capital of Israel Jerusalem
83%
Capital of Jordan Amman
75%
Capital of Lebanon Beirut
75%
Capital of Syria Damascus
75%
Capital of Qatar Doha
75%
Capital of Kuwait Kuwait City
75%
Capital of Saudi Arabia Riyadh
75%
Capital of Yemen Sana'a
75%
Capital of Estonia Tallinn
75%
Capital of Georgia Tbilisi
75%
Capital of Lithuania Vilnius
75%
Capital of Iraq Baghdad
67%
Capital of Azerbaijan Baku
67%
Capital of Moldova Chisinau
67%
Capital of Oman Muscat
58%
Capital of Cyprus Nicosia
58%
Capital of Bahrain Manama
50%
Capital of Armenia Yerevam
8%
No matching quizzes found
Score Distribution
Percent of People with Each Score
Percentile by Number Answered
Your Score History
You have not taken this quiz since the last reset